000 00602nam a2200217 a 4500
001 58806
003 BD-RjUL
005 20211209080647.0
008 880318s1987 enk 000 1 eng d
020 _a0727815059
035 _a(BD-RjUL)58930
040 _aBD-RjUL
_beng
_cBD-RjUL
041 _aeng
082 _a305.906914
_223
_bCHR 1961
100 1 _aChristopher, Diana.
_9174827
245 1 0 _aRefugees :
_b a study in changing attitudes /
_cby Diana Christopher
260 _aLondon :
_bSevern House,
_c1987
300 _a444 p. ;
_c23 cm
650 _aRefugees
_zIndia
_9177116
942 _2ddc
_cBK
999 _c58806
_d58806